La Reversión del Canal de Panamá /

Đã lưu trong:
Chi tiết về thư mục
Tác giả chính: Pérez Bravo, Alfredo
Tác giả khác: Sierra, Iván Roberto
Định dạng: Texto
Các nhãn: Thêm thẻ
Không có thẻ, Là người đầu tiên thẻ bản ghi này!

MARC

LEADER 00000 a a2200000 04500
001 16445
003
040
100 |a Pérez Bravo, Alfredo  
245 |a La Reversión del Canal de Panamá /  |c Alfredo Pérez Bravo 
700 |a Sierra, Iván Roberto  
773 |g número 59; páginas 150-173  
999 |c 25474  |d 25474